Southville International School and Colleges
Your cart is empty.
  • Cart
  • Lists
    Public lists Eva Luna New books Lux_list list_1
    Your lists Log in to create your own lists
  • Log in to your account
  • Your cookies
  • Search history
Southville International School and Colleges
  • Advanced search
  • Recent comments
  • Most popular
  • Libraries

Log in to your account

Log in with GOOGLE


If you do not have an external account, but do have a local account, you can still log in:

  1. Home
  2. MARC view: Vocations /
Normal view MARC view ISBD view

Vocations / (Record no. 360197)

[ view plain ]
MARC details
000 -LEADER
fixed length control field 00907nam a2200313Ia 4500
008 - FIXED-LENGTH DATA ELEMENTS--GENERAL INFORMATION
fixed length control field 181129s9999 xx 000 0 und d
020 ## - INTERNATIONAL STANDARD BOOK NUMBER
International Standard Book Number 9789715698283
050 ## - LIBRARY OF CONGRESS CALL NUMBER
Item number L579 2015
100 ## - MAIN ENTRY--PERSONAL NAME
Personal name Leon, Artemio R.
245 #0 - TITLE STATEMENT
Title Vocations /
245 #0 - TITLE STATEMENT
Statement of responsibility, etc by Artemio R. Leon ; illustrated by Christian Oliver A. Cruz.
260 ## - PUBLICATION, DISTRIBUTION, ETC. (IMPRINT)
Place of publication, distribution, etc Makati, Philippines :
260 ## - PUBLICATION, DISTRIBUTION, ETC. (IMPRINT)
Name of publisher, distributor, etc Bookmark,
260 ## - PUBLICATION, DISTRIBUTION, ETC. (IMPRINT)
Date of publication, distribution, etc 2015
300 ## - PHYSICAL DESCRIPTION
Extent 16 pages :
300 ## - PHYSICAL DESCRIPTION
Other physical details color illustrations ;
300 ## - PHYSICAL DESCRIPTION
Dimensions 25cm.
440 ## - SERIES STATEMENT/ADDED ENTRY--TITLE
Title Modern heroes for the Filipino youth.
650 ## - SUBJECT ADDED ENTRY--TOPICAL TERM
Topical term or geographic name as entry element Authors -- Biography.
650 ## - SUBJECT ADDED ENTRY--TOPICAL TERM
Topical term or geographic name as entry element de La Costa, Horacio Luis, 1916-1977.
650 ## - SUBJECT ADDED ENTRY--TOPICAL TERM
Topical term or geographic name as entry element Historians --
650 ## - SUBJECT ADDED ENTRY--TOPICAL TERM
Topical term or geographic name as entry element Priests -- Biography.
650 ## - SUBJECT ADDED ENTRY--TOPICAL TERM
Topical term or geographic name as entry element Vocations (in religious orders, congregations, etc.) --
650 ## - SUBJECT ADDED ENTRY--TOPICAL TERM
General subdivision Biography.
650 ## - SUBJECT ADDED ENTRY--TOPICAL TERM
General subdivision Meditation.
700 ## - ADDED ENTRY--PERSONAL NAME
Personal name Cruz, Christian Oliver A.
700 ## - ADDED ENTRY--PERSONAL NAME
Personal name Series.
700 ## - ADDED ENTRY--PERSONAL NAME
Personal name Title.
Holdings
Withdrawn status Lost status Damaged status Home library Current library Shelving location Date acquired Total Checkouts Full call number Barcode Date last seen Price effective from Koha item type
      Stonyhurst Southville International School (Malarayat) Stonyhurst Southville International School (Malarayat)   11/29/2018   ER L579 2015 SSISM5991 11/29/2018 11/29/2018 Books

Vocations /

APA

Leon A. R., Cruz C. O. A., Series & Title.Vocations. Makati, Philippines: .

Chicago

Leon Artemio R, Cruz Christian Oliver A, Series and Title.Vocations. Makati, Philippines: .

Harvard

Leon A. R., Cruz C. O. A., Series and Title.Vocations. Makati, Philippines: .

MLA

Leon Artemio R, Cruz Christian Oliver A, Series and Title.Makati, Philippines: . .

  • Place hold
  • Print
  • Cite
  • Add to your cart (remove)
  • Save record
    BIBTEX Dublin Core MARCXML MARC (non-Unicode/MARC-8) MARC (Unicode/UTF-8) MARC (Unicode/UTF-8, Standard) MODS (XML) RIS
  • More searches
    Search for this title in:
    Other Libraries (WorldCat) Other Databases (Google Scholar) Online Stores (Bookfinder.com) Open Library (openlibrary.org)

Exporting to Dublin Core...

SOUTHVILLE LIBRARY

Southville International School and Colleges Library

1281 Tropical Ave. Cor. Luxembourg St., BF Homes International, Las Pinas City

Tel. No. 8256374 / 252358 Loc. 117/146

Powered by Koha